Sports Quiz

Random Sports or WWE Quiz

WrestleMania: 5+ in a Row Quiz Stats

 Plays Quiz Updated Apr 4, 2020

     
Support Sporcle.
Go Orange.
Score 0/36 Timer 05:00
12 Plays Today
WrestleManias Wrestler % Correct
1, 2, 3, 4, 5, 6, 7, 8, 9Hulk Hogan
95.4%
11, 12, 13, 14, 15The Undertaker
93.3%
17, 18, 19, 20, 21, 22, 23, 24, 25, 26, 27, 28, 29, 30, 31, 32, 33, 34The Undertaker
93.3%
12, 13, 14, 15, 16, 17, 18, 19, 20, 21, 22Triple H
88.4%
24, 25, 26, 27, 28, 29, 30, 31, 32, 33, 34, 35Triple H
88.4%
20, 21, 22, 23, 24, 25, 26, 27, 28, 29, 30, 31John Cena
87.7%
5, 6, 7, 8, 9, 10, 11, 12Shawn Michaels
84.6%
19, 20, 21, 22, 23, 24, 25, 26Shawn Michaels
84.6%
13, 14, 15, 16, 17, 18, 19, 20The Rock
82.8%
2, 3, 4, 5, 6, 7, 8Randy Savage
79.8%
14, 15, 16, 17, 18Kane
77.9%
20, 21, 22, 23, 24, 25, 26, 27, 28, 29, 30Kane
77.9%
2, 3, 4, 5, 6, 7, 8, 9, 10, 11, 12, 13Bret Hart
77.5%
20, 21, 22, 23, 24, 25, 26, 27, 28, 29, 30, 31Randy Orton
77.1%
29, 30, 31, 32, 33, 34, 35Roman Reigns
76.5%
10, 11, 12, 13, 14, 15Owen Hart
72.2%
21, 22, 23, 24, 25, 26, 27Edge
72.1%
1, 2, 3, 4, 5, 6Andre the Giant
66.3%
WrestleManias Wrestler % Correct
32, 33, 34, 35, 36Charlotte Flair
64.6%
24, 25, 26, 27, 28, 29, 30The Big Show
64.4%
29, 30, 31, 32, 33, 34, 35, 36Brock Lesnar
63.3%
16, 17, 18, 19, 20, 21Chris Jericho
62.7%
16, 17, 18, 19, 20, 21, 22Kurt Angle
55.4%
23, 24, 25, 26, 27, 28, 29CM Punk
53.4%
19, 20, 21, 22, 23Chris Benoit
49.1%
4, 5, 6, 7, 8, 9Ted DiBiase
48.3%
1, 2, 3, 4, 5, 6, 7, 8Tito Santana
34.9%
32, 33, 34, 35, 36, 37AJ Styles
34.4%
26, 27, 28, 29, 30, 31, 32Dolph Ziggler
32.9%
2, 3, 4, 5, 6, 7, 8Jake Roberts
32.4%
4, 5, 6, 7, 8Demolition Smash
30.6%
1, 2, 3, 4, 5Greg Valentine
24%
2, 3, 4, 5, 6, 7Jim Neidhart
23%
1, 2, 3, 4, 5, 6Brutus Beefcake
21.3%
3, 4, 5, 6, 7, 8Rick Martel
21.1%
2, 3, 4, 5, 6, 7Hercules Hernandez
14.3%

From the Vault

Remove Ads.
Support Sporcle.
Get the best of Sporcle when you Go Orange. This ad-free experience offers more features, more stats, and more fun while also helping to support Sporcle. Thank you for becoming a member.

Show Comments

Extras

Top Quizzes Today


Score Distribution

Your Account Isn't Verified!

In order to create a playlist on Sporcle, you need to verify the email address you used during registration. Go to your Sporcle Settings to finish the process.

Report this User

Report this user for behavior that violates our Community Guidelines.

Details: